000
00249nam a22001097a 4500
041
_a
eng
080
_a
80
100
_a
Старец, С. М.
245
_a
Потугальско-русский словарь.
650
_a
Reference
999
_c
280702
_d
280702
942
_c
BK